000 01152 a2200349 4500
999 _c2855
_d2855
020 _a9781842779002 (hardcover)
020 _a1842779001 (hardcover)
020 _a9781842779019 (pbk.)
020 _a184277901X (pbk.)
050 0 0 _aJV8790 MER 2008
100 1 _aMercer, Claire.
245 1 0 _aDevelopment and the African diaspora :
_bplace and the politics of home /
_cClaire Mercer, Ben Page, Martin Evans.
264 _aLondon
_bZed Books
_c2008
300 _axiv, 258 p. :
_bmaps ;
500 _aPlace and the politics of home
504 _aIncludes bibliographical references (p. [236]-251) and index.
650 0 _aAfrican diaspora
_xEconomic aspects.
650 0 _aEmigrant remittances
650 0 _aEconomic development
650 0 _aCommunity development
650 1 7 _aDiaspora.
650 1 7 _aOrganisaties.
650 1 7 _aSociaal-economische ontwikkeling.
651 0 _aAfrica
651 0 _aAfrica
651 7 _aTanzania.
651 7 _aKameroen.
700 1 _aPage, Ben,
_cDr.
700 1 _aEvans, Martin
_c(Lecturer)
942 _2lcc
_cBK
_h8790
_iMER
_kJV